000 00823nam a2200193 i 4500
001 183496
003 ES-MaACL
005 20250809030232.0
008 140704s1901 sp |||| | spa d
245 0 0 _aLegislación del trabajo :
_bLey y Reglamento de accidentes de trabajo, Reglamentación del trabajo de las mujeres y de los niños, Seguros sobre accidentes del trabajo, Estadística del trabajo.
260 _aMadrid :
_b[s.n.],
_c1901 (
_fImp. de la Sucesora de M. Minuesa de los Ríos)
300 _a83 p. ;
_c23 cm.
500 _aEn port.: Publicación oficial.
594 _aPrecede al tít.: Ministerio de Gobernación (Reformas sociales)
650 4 _aDerecho laboral-
_zEspaña
_911726
710 1 _aEspaña.
_bMinisterio de Gobernación.
_93872
852 4 _aES-MaACL
_jT-985-F-8
999 _c183496
_d183496